| 000 | 02382cam a22004574i 4500 | ||
|---|---|---|---|
| 003 | PE-LiUPU | ||
| 005 | 20250731165412.0 | ||
| 008 | 151030s2013 pe a grm 000 0 spa d | ||
| 035 | _a(Sirsi) a155101 | ||
| 040 |
_aPE-LiUPU _bspa _cPE-LiUPU _erda |
||
| 099 |
_aTPS 2 _bM26 2013 |
||
| 100 | 1 |
_aMarquina Vergara, Carlos Francesco _eautor |
|
| 245 | 1 |
_aSatisfacción laboral y compromiso organizacional en empleados de una universidad privada de Lima, 2011 / _cCarlos Francisco Marquina Vergara. |
|
| 264 | 0 | _c2013 | |
| 300 |
_a84 hojas : _bilustraciones; _c30 cm |
||
| 336 |
_atext _2rdacontent |
||
| 337 |
_aunmediated _2rdamedia |
||
| 338 |
_avolume _2rdacarrier |
||
| 502 |
_aTesis _b(Lic.) -- _cUniversidad Peruana Unión, _d2013. |
||
| 504 | _aIncluye referencias | ||
| 520 | 3 | _aLa satisfacción laboral y el compromiso organizacional son dos constructos que presentan un gran interés para los psicológos y en especial para aquellos dedicados al área de Recursos Humanos. Por tal motivo la presente investigación indagó ambos constructos y su relación en los empleados de una universidad privada en el año 2011.Se aplicó la Escala de Satisfacción Laboral SL-SPC (Palma,1999) y la Escala del Grado de compromiso de los Empleados Universitarios ASD (Grajales,2000) a 121 personas pertenecientes a una población de 300 individuos con condición de empleados. Los resultados revelan que existe Insatisfacción laboral en un 51.3[por ciento], siendo las dimensiones condiciones laborales/materiales y políticas administrativas con las cuales los empleados se sienten más insatisfechos; sin embargo y pese al resultado anterior, el 91[por ciento] presenta altos niveles de compromiso organizacional, por lo que se sienten identificados con la Institución y le brindan su lealtad. | |
| 526 | _aSEG44 | ||
| 526 | _aSEG26 | ||
| 526 | _aP151 | ||
| 526 | _aP150 | ||
| 526 | _aP149 | ||
| 526 | _aP146 | ||
| 526 | _aP145 | ||
| 526 | _aP126 | ||
| 526 | _aP125 | ||
| 526 | _aP92 | ||
| 526 | _aP75 | ||
| 526 | _aP74 | ||
| 526 | _aP27 | ||
| 526 | _aP15 | ||
| 650 | 0 | 4 |
_aSatisfacción en el trabajo _xAspectos morales y éticos |
| 700 | 1 | _a | |
| 596 | _a1 | ||
| 942 |
_2ddc _cTESIS |
||
| 999 |
_aTPS 2 M26 2013 _wALPHANUM _c7792 _iT01337 _lCCODEBUL3 _mBUL _r1 _sY _tTESIS _u2015-10-30 _xSALUD _PP33 _o.STAFF. Tesis _d7792 |
||
| 980 |
_81 _gALBERTO SANCHEZ Responsable de Automatización |
||